Tendencias secularizadoras en un mundo globalizado

Detalles Bibliográficos
Autor principal: Martn̕ez de Codes, Rosa Mara̕
Otros Autores: Fajardo Arturo, Luis Andrš
Formato: eBook
Lenguaje:español
Publicado: Bogot:̀ Universidad Sergio Arboleda, 2015
Materias:
Acceso en línea:Acceso restringido

MARC

LEADER 00000nam a22000007a 4500
005 20161214001353.0
007 cr|||| ||||
008 161214s2015 co |||||s|||| 00||0 spa d
020 |a 978-958-8866-71-0 
035 |a 14674 
040 |a vLex 
090 |c 6493  |d 6493 
100 1 |a Martn̕ez de Codes, Rosa Mara̕ 
245 1 0 |a Tendencias secularizadoras en un mundo globalizado  |h [Recurso electrn̤ico] /  |c Rosa Mara̕ Martn̕ez de Codes, Luis Andrš Fajardo Arturo 
256 |a Servicio en ln̕ea 
260 |a Bogot:̀  |b Universidad Sergio Arboleda,  |c 2015 
300 |a 1 recurso electrn̤ico 
506 1 |a Disponible solo en los productos indicados  |d vLex Global  |d vLex Global (Academic Edition, excluding Law Schools)  |d vLex Global (U.S. Academic Edition, Law Schools)  |d vLex Global (U.S. Academic Edition, excluding Law Schools)  |d vLex Global (Academic Edition, Law Schools) 
650 0 4 |a Derecho Civil  |z Colombia 
700 1 |a Fajardo Arturo, Luis Andrš 
740 0 |a vLex Libros (Servicio en ln̕ea) 
856 4 0 |u http://vlex.com/source/tendencias-secularizadoras-en-un-mundo-globalizado-14674  |z Acceso restringido 
942 |c BOOK 
999 0 |a Civil Law